000 00297nam a22001217a 4500
005 20180927141815.0
008 180927b xxu||||| |||| 00| 0 eng d
022 _a2278-5736
245 _aIOSR Journal of Applied Chemistry
250 _aVolume 11
260 _aGaziabad
_bIOSR Journal
942 _cJRL
999 _c5737
_d5735